00387nam a22001337a 450000500170000000800410001702000150005804000130007308200230008610000360010924500740014526000230021930000110024220170804115144.0170804b xxu||||| |||| 00| 0 eng d a9960283024 cPK-LaUMT aZIAC 297.01bJAM-A aJamil Bin Ali Khiyat , Muhammad aAl adad ul roohi wal khulqi lilmualam/cMuhammad Jamil Bin Ali Khiyat aجدہ:b[ ]c1994 a208 ص